000 00389nam a2200133Ia 4500
008 220217s9999||||xx |||||||||||||| ||und||
020 _a0-89116-522-3
082 _a621.4 SUH
100 _aPatankar, Suhas, V
_97161
245 0 _aNumerical heat transfer and fluid flow
260 _aTaylor and francies
_bHemisphere
_c2009
300 _aXIII,197p.;28cm
_b595
650 _aMECHANICHAL
999 _c180684
_d180684